00858cam a2200241 a 4500001000500000005001700005020001800022040002300040050002200063082001000085100002900095245008600124250001900210260003700229300005900266505000800325520017200333521002900505521002000534650003600554650001600590650001000606347620240311111831.0 a9780140548525 aDLCcDLCdDLCbeng00aGV1218.H35b 198700a793.41 aWestcott, Nadine Bernard10aPeanut butter and jelly :ba play rhyme /cillustrated by Nadine Bernard Westcott aFirst edition  aLondon : bPuffin Books , c1987 a24 unnumbered pages : bcolor illustrations ; c21 cm. aH  aRhyming text and illustrations explain how to make a peanut butter jelly sandwich. Includes instructions for accompanying hand and foot motions at the end of the book. a430 bLexile estimate  aH bRaz-Plus  0aHand gamesxJuvenile literature 1aFinger play 1aGames